Normal view
MARC view
- India
Entry Geographic Name
001 - CONTROL NUMBER
- control field: 27536
003 - CONTROL NUMBER IDENTIFIER
- control field: NUST
005 - DATE AND TIME OF LATEST TRANSACTION
- control field: 20200114102519.0
008 - FIXED-LENGTH DATA ELEMENTS
- fixed length control field: 200114|| aca||aabn | a|a d
040 ## - CATALOGING SOURCE
- Original cataloging agency: NUST
- Transcribing agency: NUST
151 ## - HEADING--GEOGRAPHIC NAME
- Geographic name: India
670 ## - SOURCE DATA FOUND
- Source citation: Work cat.: (NUST)533582: Lewis, John P. (John Prior), 1921-2010. 27534, India's political economy :, 1995.
